The first woman chartered surveyor - Irene Barclay (1894-1989) (Record no. 121914)

MARC details
000 -LEADER
fixed length control field 00689cab a22001935a 4500
008 - FIXED-LENGTH DATA ELEMENTS--GENERAL INFORMATION
fixed length control field 240422t2022 xxk o 000 0 eng d
041 0# - LANGUAGE CODE
Language code of text/sound track or separate title eng
100 1# - MAIN ENTRY--PERSONAL NAME
Personal name de Silva, Carrie
245 00 - TITLE STATEMENT
Title The first woman chartered surveyor - Irene Barclay (1894-1989)
Medium [electronic resource]
260 ## - PUBLICATION, DISTRIBUTION, ETC.
Name of publisher, distributor, etc. RICS,
Date of publication, distribution, etc. 25 March 2022
520 ## - SUMMARY, ETC.
Summary, etc. Profile of Irene Barclay the first woman to qualify as a chartered surveyor.
650 24 - SUBJECT ADDED ENTRY--TOPICAL TERM
Topical term or geographic name entry element IRENE BARCLAY
650 24 - SUBJECT ADDED ENTRY--TOPICAL TERM
Topical term or geographic name entry element FEMALE SURVEYORS
650 24 - SUBJECT ADDED ENTRY--TOPICAL TERM
Topical term or geographic name entry element DIVERSITY
651 #4 - SUBJECT ADDED ENTRY--GEOGRAPHIC NAME
Geographic name United Kingdom
690 ## - LOCAL SUBJECT ADDED ENTRY--TOPICAL TERM (OCLC, RLIN)
Topical term or geographic name as entry element RICS
9 (RLIN) 6277
856 ## - ELECTRONIC LOCATION AND ACCESS
Uniform Resource Identifier <a href="https://www.rics.org/news-insights/the-first-woman-chartered-surveyor-irene-barclay">https://www.rics.org/news-insights/the-first-woman-chartered-surveyor-irene-barclay</a>
Public note Available on RICS.org
942 ## - ADDED ENTRY ELEMENTS (KOHA)
Suppress in OPAC 0
Source of classification or shelving scheme Dewey Decimal Classification
Holdings
Withdrawn status Lost status Damaged status Not for loan Home library Current library Shelving location Date acquired Total Checkouts Date last seen Price effective from Koha item type
        London Virtual Online 22/04/2024   22/04/2024 22/04/2024 Journal article